Sports Quiz

Random Sports or Africa Quiz

African Premier League Players Quiz Stats

 Plays Quiz not verified by Sporcle

Challenge
Share
Tweet
Embed
Score 0/195 Timer 20:00
0 Plays Today
Country % Correct
Cote d'IvoireYaya Toure
91.3%
Cote d'IvoireKolo Toure
90.6%
SenegalDemba Ba
88.4%
SenegalAliou Cisse
86.2%
MaliKalifa Cisse
86.2%
SenegalPapiss Cisse
86.2%
SenegalEl Hadji Diouf
86.2%
SenegalMame Biram Diouf
86.2%
Cote d'IvoireDidier Drogba
86.2%
TogoEmmanuel Adebayor
84.8%
NigeriaNwankwo Kanu
84.1%
GhanaMichael Essien
83.3%
LiberiaGeorge Weah
81.2%
CameroonRigobert Song
79%
SenegalAli Dia
78.3%
EgyptMido
78.3%
CameroonAlex Song
78.3%
NigeriaSalomon Kalou
72.5%
South AfricaBenni McCarthy
72.5%
CameroonGeremi
71.7%
SenegalHenri Camara
71%
GuineaMohammed Camara
71%
GuineaTiti Camara
71%
MaliFrederic Kanoute
70.3%
South AfricaQuinton Fortune
69.6%
NigeriaJohn Obi Mikel
68.1%
NigeriaYakubu
68.1%
ZimbabweBenjani
67.4%
South AfricaSteven Pienaar
67.4%
CameroonEric Djemba-Djemba
66.7%
GhanaAsamoah Gyan
66.7%
SenegalSalif Diao
65.9%
NigeriaJay-Jay Okocha
65.9%
MoroccoMustapha Hadji
65.2%
South AfricaLucas Radebe
65.2%
AngolaManucho
64.5%
CameroonBenoit Assou-Ekotto
63.8%
Cote d'IvoireEmmanuel Eboue
63.8%
Cote d'IvoireCheick Tiote
63%
CameroonLauren
62.3%
NigeriaObafemi Martins
62.3%
SenegalPapa Bouba Diop
60.9%
SenegalArmand Traore
60.9%
MaliDjimi Traore
60.9%
EgyptAmr Zaki
60.9%
NigeriaCelestine Babayaro
60.1%
Republic of CongoChristopher Samba
60.1%
BeninStephane Sessegnon
60.1%
SenegalDiomansy Kamara
58.7%
NigeriaVictor Moses
58%
LiberiaChristopher Wreh
58%
NigeriaJoseph Yobo
58%
CameroonSebastien Bassong
57.2%
MaliMahamadou Diarra
57.2%
Cote d'IvoireGervinho
57.2%
NigeriaEfan Ekoku
56.5%
South AfricaMark Fish
56.5%
AlgeriaAdel Taarabt
56.5%
NigeriaSammy Ameobi
55.8%
NigeriaShola Ameobi
55.8%
GhanaKevin-Prince Boateng
55.8%
SenegalAbdoulaye Faye
55.8%
SenegalAmdy Faye
55.8%
CameroonMarc-Vivien Foe
55.8%
ZimbabweBruce Grobbelaar
55.1%
Country % Correct
MoroccoMarouane Chamakh
54.3%
GhanaTony Yeboah
53.6%
DR CongoKazenga LuaLua
52.9%
DR CongoLomano LuaLua
52.9%
ZimbabwePeter Ndlovu
52.2%
MaliMohamed Sissoko
52.2%
NigeriaVictor Anichebe
50.7%
TunisiaRadhi Jaidi
50.7%
EgyptHossam Ghaly
49.3%
NigeriaFinidi George
48.6%
GhanaRichard Kingson
48.6%
GabonDaniel Cousin
47.8%
Cote d'IvoireArouna Kone
47.8%
Cote d'IvoireDidier Zokora
47.1%
MoroccoHassan Kachloul
46.4%
South AfricaShaun Bartlett
45.7%
CameroonAndre Bikey
45.7%
CameroonJoseph-Desire Job
45.7%
GhanaSulley Muntari
45.7%
NigeriaPeter Odemwingie
44.9%
DR CongoYoussef Mulumbu
42.8%
MoroccoYoussef Chippo
41.3%
SenegalMohamed Diame
41.3%
AlgeriaNadir Belhadj
40.6%
SenegalHabib Beye
40.6%
EgyptAhmed Elmohamady
40.6%
NigeriaDickson Etuhu
40.6%
NigeriaKelvin Etuhu
40.6%
NigeriaDaniel Amokachi
39.9%
MoroccoNoureddine Naybet
39.9%
GhanaJohn Paintsil
39.9%
NigeriaTaribo West
39.9%
Cote d'IvoireAruna Dindane
39.1%
GhanaEmmanuel Frimpong
39.1%
AlgeriaHameur Bouazza
38.4%
Cote d'IvoireAbdoulaye Meite
37%
AlgeriaAli Benarbia
36.2%
TunisiaHatem Trabelsi
36.2%
MoroccoNabil El Zhar
35.5%
GhanaJohn Mensah
34.8%
NigeriaJohn Utaka
34.1%
SenegalDjibril Diawara
32.6%
GuineaKaba Diawara
32.6%
SenegalSouleymane Diawara
32.6%
South AfricaAaron Mokoena
32.6%
NigeriaAde Akinbiyi
31.9%
CameroonGeorge Elokobi
31.9%
CameroonTimothee Atouba
31.2%
Cote d'IvoireIbrahima Bakayoko
31.2%
MaliSamba Diakite
31.2%
CameroonStephane Mbia
31.2%
CameroonPatrick Mboma
31.2%
MoroccoOussama Assaidi
30.4%
NigeriaDanny Shittu
30.4%
SenegalKhalilou Fadiga
29.7%
SenegalMagaye Gueye
29.7%
SenegalLamine Sakho
29.7%
AlgeriaMadjid Bougherra
29%
BurundiGael Bigirimana
28.3%
South AfricaPhil Masinga
27.5%
MaliJimmy Kebe
25.4%
GhanaQuincy Owuse-Abeyie
24.6%
Sierra LeoneAlhassan Bangura
23.2%
MoroccoTalal El Karkouri
23.2%
MaliModibo Maiga
23.2%
Country % Correct
DR CongoShabani Nonda
23.2%
AlgeriaHassan Yebda
23.2%
Cape VerdePele
22.5%
MaliMamady Sidibe
22.5%
EgyptMohamed Shawky
21.7%
SenegalIbrahima Sonko
21.7%
GuineaKamil Zayatte
21.7%
DR CongoHerita Ilunga
21%
AlgeriaMoussa Saib
21%
South AfricaEric Tinkler
21%
South AfricaMbulelo Mabizela
20.3%
TogoMoustapha Salifou
20.3%
AlgeriaMehdi Abeid
19.6%
AlgeriaKamil Ghilas
19.6%
AlgeriaAdlene Guedioura
19.6%
ZambiaEmmanuel Mayuka
19.6%
GhanaAlex Nyarko
19.6%
MoroccoYoussef Safri
19.6%
Cote d'IvoireSteve Gohouri
18.8%
CameroonSalomon Olembe
18.8%
CameroonSomen Tchoyi
18.8%
TunisiaMehdi Nafti
18.1%
CameroonPierre Wome
18.1%
MoroccoTahar El Khalej
17.4%
CameroonJean Makoun
17.4%
Cote d'IvoireEmerse Fae
16.7%
ZambiaCollins Mbesuma
16.7%
NigeriaTaye Taiwo
16.7%
NigeriaJulius Aghahowa
15.9%
South AfricaKagisho Dikgacoi
15.9%
MoroccoKarim El Ahmadi
15.9%
Cote d'IvoireAbdul Razak
15.2%
AlgeriaRafik Halliche
14.5%
NigeriaVictor Obinna
14.5%
NigeriaIsaac Okoronkwo
14.5%
CameroonFranck Songo'o
14.5%
SenegalFerdinand Coly
13.8%
CameroonLucien Mettomo
13.8%
GhanaJunior Agogo
13%
AlgeriaDjamel Belmadi
13%
SenegalLamine Diatta
13%
NigeriaBlessing Kaku
12.3%
GhanaNii Lamptey
12.3%
South AfricaMatty Pattison
12.3%
NigeriaSam Sodje
12.3%
GhanaPatrick Agyemang
10.9%
CameroonValery Mezague
10.1%
Cote d'IvoireOlivier Tebily
10.1%
CameroonRoudolphe Douala
9.4%
EgyptAhmed Fathy
9.4%
NigeriaCarl Ikeme
8.7%
Central African RepublicKelly Youga
8.7%
SeychellesKevin Betsy
8.6%
AngolaJordao
8%
DR CongoMichel Ngonge
8%
Sierra LeoneAlbert Jarrett
7.2%
MoroccoAbdeslam Ouaddou
7.2%
GhanaMalik Buari
5.1%
Republic of CongoLucien Aubey
4.3%
NigeriaSeyi Olofinyana
4.3%
South AfricaMark Stein
4.3%
TunisiaAlaeddine Yahia
4.3%
NigeriaIfeanyi Udeze
2.9%
GhanaElvis Hamonnd
2.2%
NigeriaEmmanuel Omoyinmi
0.7%

You're not logged in!

Compare scores with friends on all Sporcle quizzes.
Join for Free
OR
Log In

You Might Also Like...

Show Comments

Extras

Top Quizzes Today


Score Distribution

Your Account Isn't Verified!

In order to create a playlist on Sporcle, you need to verify the email address you used during registration. Go to your Sporcle Settings to finish the process.

Report this User

Report this user for behavior that violates our Community Guidelines.

Details: